00622nam a2200193 i 450000100060000000300090000600500170001500700030003200800410003510000280007624500430010426000320014730000220017949000240020183000320022585200320025799900170028995201220030623828ES-MaACL20230906152937.0t|021212s1973 sp ||||1| spa d1 aAndino, Alberto.92148910aMartí y España / cAlberto Andino. aMadrid : bPlayor, c[1973] a184 p. ; c19 cm.1 aPlaza Mayor Scholar0 aPlaza Mayor Scholar9181264 aES-MaACLjC-54961 bR.87704 c23828d23828 00104070aATENEOMbATENEOMcDEPO2d2008-01-17eSCl0oC-54961p1024557r2023-02-23 00:00:00w2023-02-23yMONOGRAFIA